Lawrence and the Arabs / (Record no. 552190)

000 -LEADER
fixed length control field 00634cam a2200157Ia 4500
100 1# - MAIN ENTRY--PERSONAL NAME
Personal name Graves, Robert,
9 (RLIN) 21937
245 10 - TITLE STATEMENT
Title Lawrence and the Arabs /
Statement of responsibility, etc. Robert Graves ; with eight illustrations and four maps.
260 ## - PUBLICATION, DISTRIBUTION, ETC.
Place of publication, distribution, etc. London ;
-- Toronto :
Name of publisher, distributor, etc. Jonathan Cape,
Date of publication, distribution, etc. 1935.
300 ## - PHYSICAL DESCRIPTION
Extent 288 p. [8] leaves of plates :
Other physical details ill., maps ;
Dimensions 21 cm.
490 1# - SERIES STATEMENT
Series statement The life and letters series ;
500 ## - GENERAL NOTE
General note Publisher's advertisements: p. [289-307].
526 ## - STUDY PROGRAM INFORMATION NOTE
Program name 0
Interest level 0
Reading level 0
Title point value 355_000000000000000_009241GRA
650 #0 - SUBJECT ADDED ENTRY--TOPICAL TERM
Topical term or geographic name entry element World War, 1914-1918
General subdivision Campaigns
Geographic subdivision Turkey.
9 (RLIN) 49405
710 2# - ADDED ENTRY--CORPORATE NAME
Corporate name or jurisdiction name as entry element Evelyn D. Mullen T.E. Lawrence Collection.
9 (RLIN) 49406
942 ## - ADDED ENTRY ELEMENTS (KOHA)
Source of classification or shelving scheme
Koha item type Book
Holdings
Withdrawn status Lost status Source of classification or shelving scheme Damaged status Not for loan Permanent Location Current Location Shelving location Date acquired Total Checkouts Full call number Barcode Date last seen Price effective from Koha item type
          Military College of Engineering (MCE) Military College of Engineering (MCE)   01/09/2015   355.009241GRA MCE-ECL/21 01/09/2015 01/09/2015 Book
© 2023 Central Library, National University of Sciences and Technology. All Rights Reserved.